| 000 | 01610nam a22003854a 4500 | ||
|---|---|---|---|
| 001 | ebr10158086 | ||
| 003 | CaPaEBR | ||
| 006 | m u | ||
| 007 | cr cn||||||||| | ||
| 008 | 051110s2006 nyu sb 001 0 eng | ||
| 010 | _z 2005056606 | ||
| 020 | _z1403973296 ( alk. paper) | ||
| 020 | _z9781403973290 | ||
| 040 |
_aCaPaEBR _cCaPaEBR |
||
| 035 | _a(OCoLC)191935882 | ||
| 050 | 1 | 4 |
_aPT167 _b.A75 2006eb |
| 082 | 0 | 4 |
_a830.9/928709033 _222 |
| 100 | 1 |
_aArons, Wendy, _d1964- |
|
| 245 | 1 | 0 |
_aPerformance and femininity in eighteenth-century German women's writing _h[electronic resource] : _bthe impossible act / _cWendy Arons. |
| 250 | _a1st ed. | ||
| 260 |
_aNew York : _bPalgrave Macmillan, _c2006. |
||
| 300 | _ax, 270 p. | ||
| 490 | 1 | _aPalgrave studies in theatre and performance history | |
| 504 | _aIncludes bibliographical references (p. [239]-261) and index. | ||
| 533 |
_aElectronic reproduction. _bPalo Alto, Calif. : _cebrary, _d2013. _nAvailable via World Wide Web. _nAccess may be limited to ebrary affiliated libraries. |
||
| 650 | 0 |
_aWomen authors, German _y18th century. |
|
| 650 | 0 |
_aGerman literature _xWomen authors _xHistory and criticism. |
|
| 650 | 0 |
_aGerman literature _y18th century _xHistory and criticism. |
|
| 650 | 0 | _aPerformance in literature. | |
| 650 | 0 | _aFemininity in literature. | |
| 655 | 7 |
_aElectronic books. _2local |
|
| 710 | 2 | _aebrary, Inc. | |
| 830 | 0 | _aPalgrave studies in theatre and performance history. | |
| 856 | 4 | 0 |
_uhttp://site.ebrary.com/lib/rucke/Doc?id=10158086 _zAn electronic book accessible through the World Wide Web; click to view |
| 999 |
_c245359 _d245359 |
||